[Event "18PCRE_F"]
[Site "?"]
[Date "2008.??.??"]
[Round "?"]
[White "Ryska, Jiri"]
[Black "Canibal, Jaromir"]
[Result "0-1"]
[WhiteElo "2073"]
[BlackElo "2236"]
[PlyCount "72"]
[EventDate "2008.??.??"]
[EventType "corr"]

1. e4 e5 2. Nf3 Nc6 3. Bb5 a6 4. Ba4 Nf6 5. O-O Be7 6. Re1 b5 7. Bb3 O-O 8. c3
d6 9. d4 Bg4 10. h3 Bxf3 11. gxf3 Na5 12. Bc2 Nh5 13. f4 Nxf4 14. Bxf4 exf4 15.
a4 b4 16. e5 dxe5 17. Qh5 g6 18. Qxe5 Bh4 19. Qxf4 Rb8 20. Kg2 Rb6 21. Re4 Bg5
22. Qe5 Nc4 23. Qc5 b3 24. Bxb3 Nd6 25. Rg4 Nf5 26. Qd5 h5 27. Re4 Nd6 28. Re2
c6 29. Qc5 Rxb3 30. Qxc6 Bc1 31. Qd5 Rxb2 32. Rxb2 Bxb2 33. Ra2 Qb8 34. Nd2
Bxc3 35. Nf3 Nf5 36. Rc2 Rd8 0-1

[Event "18PCRE_F"]
[Site "?"]
[Date "2008.??.??"]
[Round "?"]
[White "Ryska, Jiri"]
[Black "Cvak, Rudolf"]
[Result "1/2-1/2"]
[WhiteElo "2073"]
[BlackElo "2264"]
[PlyCount "60"]
[EventDate "2008.??.??"]
[EventType "corr"]

1. e4 c5 2. Nf3 d6 3. c3 Nf6 4. Bb5+ Nc6 5. d3 Bd7 6. O-O g6 7. Bxc6 Bxc6 8. e5
Ng4 9. e6 Ne5 10. Nxe5 dxe5 11. exf7+ Kxf7 12. Qe2 Qd5 13. f4 e4 14. dxe4 Qxe4
15. Be3 Rd8 16. Nd2 Qd3 17. Qf2 e6 18. Nf3 Bxf3 19. Qxf3 Qd5 20. Qe2 Be7 21.
Rfe1 Qc6 22. Qg4 Rd6 23. Re2 Rd3 24. Rf1 Qd5 25. f5 exf5 26. Bg5 Bxg5 27. Qxg5
Re8 28. Rxe8 Kxe8 29. Re1+ Kd7 30. Qe7+ Kc6 1/2-1/2

[Event "18PCRE_F"]
[Site "?"]
[Date "2008.??.??"]
[Round "?"]
[White "Ryska, Jiri"]
[Black "Kyhos, Alois"]
[Result "1/2-1/2"]
[WhiteElo "2073"]
[BlackElo "2121"]
[PlyCount "83"]
[EventDate "2008.??.??"]
[EventType "corr"]

1. e4 e5 2. Nf3 Nc6 3. Bb5 a6 4. Ba4 Nf6 5. O-O Nxe4 6. d4 b5 7. Bb3 d5 8. dxe5
Be6 9. Nbd2 Nc5 10. c3 d4 11. Bxe6 Nxe6 12. cxd4 Ncxd4 13. Ne4 Be7 14. Be3 Nf5
15. Qc2 O-O 16. Neg5 Bxg5 17. Nxg5 Nxg5 18. Qxf5 Ne6 19. f4 Qd5 20. Rfd1 Qc4
21. b3 Qc3 22. Qd3 Qxd3 23. Rxd3 Rad8 24. Rad1 g6 25. Kf2 Rxd3 26. Rxd3 f6 27.
exf6 Rxf6 28. g3 Kf8 29. b4 Ke8 30. Ra3 Nd8 31. g4 Kd7 32. Rd3+ Rd6 33. Ke2
Rxd3 34. Kxd3 Nb7 35. Kd4 a5 36. bxa5 Nxa5 37. f5 gxf5 38. gxf5 Nc4 39. Bf4 c6
40. h4 Nb2 41. Bh6 Na4 42. h5 1/2-1/2

[Event "18PCRE_F"]
[Site "?"]
[Date "2008.??.??"]
[Round "?"]
[White "Ryska, Jiri"]
[Black "Pirhala, Ladislav"]
[Result "0-1"]
[WhiteElo "2073"]
[BlackElo "2176"]
[PlyCount "100"]
[EventDate "2008.??.??"]
[EventType "corr"]
[WhiteTeam "CZ"]
[BlackTeam "CZ"]

1. e4 c6 2. d4 d5 3. e5 Bf5 4. Nc3 e6 5. g4 Bg6 6. Nge2 c5 7. h4 h5 8. Nf4 Bh7
9. g5 cxd4 10. Nb5 Be4 11. f3 Bf5 12. Nxd4 Ne7 13. Bh3 Bxh3 14. Rxh3 Nbc6 15.
g6 Nxd4 16. Qxd4 Qc7 17. Qa4+ Qc6 18. Qxc6+ Nxc6 19. gxf7+ Kxf7 20. Nd3 Nd4 21.
Kd1 Be7 22. Bg5 Bxg5 23. hxg5 Rac8 24. c3 Nf5 25. Kd2 d4 26. Rc1 b5 27. Nf4
Rhd8 28. g6+ Ke7 29. Nd3 h4 30. cxd4 Rxc1 31. Kxc1 Rxd4 32. Kd2 Kd7 33. Kc3 Kc6
34. b3 a5 35. Kd2 b4 36. Rh2 Rd8 37. Rh1 Kb5 38. Rh3 a4 39. f4 axb3 40. axb3
Ra8 41. Nb2 Ra2 42. Kc1 Ra1+ 43. Kd2 Rg1 44. Nc4 Rg3 45. Rxg3 Nxg3 46. Ne3 Kc5
47. Kd3 h3 48. Ng4 Nf5 49. Nf2 h2 50. Ke2 Ng3+ 0-1

[Event "18PCRE_F"]
[Site "?"]
[Date "2008.??.??"]
[Round "?"]
[White "Ryska, Jiri"]
[Black "Splichal, Josef"]
[Result "0-1"]
[WhiteElo "2073"]
[BlackElo "2140"]
[PlyCount "106"]
[EventDate "2008.??.??"]
[EventType "corr"]

1. e4 e5 2. Nf3 Nc6 3. Bb5 Nf6 4. O-O Nxe4 5. Re1 Nd6 6. Nxe5 Be7 7. Bf1 Nxe5
8. Rxe5 O-O 9. d4 Bf6 10. Re1 Re8 11. c3 Rxe1 12. Qxe1 Nf5 13. Bf4 d6 14. Nd2
g5 15. Be3 Qe7 16. Bd3 Nxe3 17. fxe3 Bg7 18. Qf2 Be6 19. Ne4 g4 20. Ng3 Qg5 21.
a3 Re8 22. Re1 Re7 23. b4 a6 24. Ne4 Qh6 25. a4 Bc8 26. b5 axb5 27. axb5 Bd7
28. Ng3 Qg5 29. e4 h5 30. Ra1 Bh6 31. Nf1 Re8 32. b6 cxb6 33. Ra7 Bc8 34. Qb2
h4 35. Ra1 h3 36. g3 Qd8 37. Qf2 Be6 38. d5 Bd7 39. Ne3 Bxe3 40. Qxe3 Qf6 41.
Be2 Qg6 42. Bd3 f5 43. Rf1 fxe4 44. Bc2 Qg7 45. Bxe4 b5 46. Qf4 b4 47. cxb4 Bb5
48. Re1 Rf8 49. Qe3 Qe5 50. Kh1 Kg7 51. Kg1 Kg8 52. Kh1 Kg7 53. Kg1 Bc4 0-1

[Event "18PCRE_F"]
[Site "?"]
[Date "2008.??.??"]
[Round "?"]
[White "Splichal, Josef"]
[Black "Binas, Jindrich"]
[Result "1/2-1/2"]
[WhiteElo "2140"]
[BlackElo "2132"]
[PlyCount "39"]
[EventDate "2008.??.??"]
[EventType "corr"]

1. e4 c5 2. Nf3 Nc6 3. d4 cxd4 4. Nxd4 Nf6 5. Nc3 e5 6. Ndb5 d6 7. Bg5 a6 8.
Na3 b5 9. Bxf6 gxf6 10. Nd5 f5 11. exf5 Bxf5 12. Qf3 Nd4 13. Nc7+ Qxc7 14.
Qxa8+ Ke7 15. c3 b4 16. cxb4 Bh6 17. Qxa6 Rb8 18. Bc4 Be4 19. Bb3 Bxg2 20. Qa8
1/2-1/2

[Event "18PCRE_F"]
[Site "?"]
[Date "2008.??.??"]
[Round "?"]
[White "Splichal, Josef"]
[Black "Bultman, Milan"]
[Result "0-1"]
[WhiteElo "2140"]
[BlackElo "2193"]
[PlyCount "74"]
[EventDate "2008.??.??"]
[EventType "corr"]

1. e4 c5 2. Nf3 d6 3. d4 cxd4 4. Nxd4 Nf6 5. Nc3 a6 6. Be2 e5 7. Nb3 Be7 8. Be3
O-O 9. O-O Be6 10. Nd5 Nxe4 11. Bb6 Qd7 12. Nc7 Nc6 13. Nxa8 Rxa8 14. c4 a5 15.
a4 Qe8 16. Bf3 f5 17. Rc1 Ra6 18. Be3 Nb4 19. Be2 Nc5 20. Nxc5 dxc5 21. Qb3 Rb6
22. Rfd1 e4 23. Bd2 Bf6 24. Rb1 Qe7 25. Qe3 Nc2 26. Qg3 Nd4 27. Bf1 Bc8 28. Kh1
Rc6 29. Bxa5 Be5 30. Qa3 Rh6 31. h3 f4 32. Bd8 Qf8 33. Rxd4 Bxd4 34. Rd1 Bxf2
35. Qb3 Bd4 36. Bb6 Qd6 37. Qb5 Kf7 0-1

[Event "18PCRE_F"]
[Site "?"]
[Date "2008.??.??"]
[Round "?"]
[White "Splichal, Josef"]
[Black "Canibal, Jaromir"]
[Result "0-1"]
[WhiteElo "2140"]
[BlackElo "2236"]
[PlyCount "64"]
[EventDate "2008.??.??"]
[EventType "corr"]

1. e4 e5 2. Nf3 Nc6 3. Bb5 a6 4. Ba4 Nf6 5. O-O Be7 6. Re1 b5 7. Bb3 O-O 8. c3
d6 9. h3 h6 10. d4 Bb7 11. a4 Re8 12. Qe2 exd4 13. cxd4 Bf8 14. e5 dxe5 15.
dxe5 Na5 16. Bc2 b4 17. Bf4 b3 18. Bf5 g6 19. Bd2 Nc6 20. Qc4 gxf5 21. exf6
Rxe1+ 22. Nxe1 Rb8 23. Qxb3 Qxf6 24. Na3 Nd4 25. Qc4 Qe5 26. Be3 c5 27. Nac2
Bd6 28. Bxd4 cxd4 29. Kf1 Qh2 30. f3 a5 31. Nxd4 Bg3 32. Nxf5 Qh1+ 0-1

[Event "18PCRE_F"]
[Site "?"]
[Date "2008.??.??"]
[Round "?"]
[White "Splichal, Josef"]
[Black "Cvak, Rudolf"]
[Result "0-1"]
[WhiteElo "2140"]
[BlackElo "2264"]
[PlyCount "40"]
[EventDate "2008.??.??"]
[EventType "corr"]

1. e4 e5 2. Nf3 Nf6 3. d4 Nxe4 4. Bd3 d5 5. Nxe5 Nd7 6. Nxd7 Bxd7 7. O-O Bd6 8.
Qh5 O-O 9. Qxd5 Bc6 10. Qh5 g6 11. Qd1 Qh4 12. f4 Nf6 13. Nc3 Rfe8 14. Be2 Rad8
15. Bd2 Bb4 16. Be1 Qh6 17. Bf3 Bxf3 18. Qxf3 Rxd4 19. Qxb7 Bc5 20. Bg3 Rb4+
0-1

[Event "18PCRE_F"]
[Site "?"]
[Date "2008.??.??"]
[Round "?"]
[White "Splichal, Josef"]
[Black "Struzka, Vlastimil"]
[Result "1/2-1/2"]
[WhiteElo "2140"]
[BlackElo "2096"]
[PlyCount "162"]
[EventDate "2008.??.??"]
[EventType "corr"]

1. e4 e5 2. Nf3 Nc6 3. Bb5 a6 4. Ba4 Nf6 5. O-O Bd6 6. d3 b5 7. Bb3 O-O 8. a4
Bb7 9. axb5 axb5 10. Rxa8 Bxa8 11. Be3 Ne7 12. Nh4 Ng6 13. Nf5 Bb4 14. c3 Be7
15. h4 c5 16. Nd2 h5 17. Bg5 d6 18. Qf3 Ng4 19. Nxe7+ Nxe7 20. Qg3 Kh7 21. f3
Nf6 22. f4 Ng6 23. fxe5 dxe5 24. Qf3 Nf4 25. Bc2 Kg8 26. Bxf4 exf4 27. Qxf4 Ng4
28. Nf3 Qe7 29. Ng5 f6 30. Nf3 Re8 31. Ra1 Bc6 32. Re1 Bd5 33. d4 cxd4 34. cxd4
Bf7 35. e5 fxe5 36. Nxe5 Qf6 37. Qf5 Qxf5 38. Bxf5 Rd8 39. Nc6 Rd6 40. Ne7+ Kf8
41. Bxg4 hxg4 42. Nf5 Rd7 43. Rf1 Be6 44. Ne3+ Ke7 45. Rf4 g3 46. Nf1 Ra7 47.
Nxg3 Ra4 48. Ne2 Bc4 49. Re4+ Kf7 50. Rf4+ Ke7 51. Nc3 Ra1+ 52. Kh2 b4 53. Ne4
Rd1 54. Rg4 Rxd4 55. Rxg7+ Kd8 56. Nf2 Rxh4+ 57. Kg3 Rh5 58. Rg4 Rc5 59. Rd4+
Ke7 60. Ne4 Rc8 61. Nd2 Bf7 62. Rxb4 Bd5 63. Ne4 Rf8 64. Kh2 Bc6 65. Rc4 Ba8
66. Kg3 Ke6 67. Ng5+ Kd5 68. Rc2 Bb7 69. Nf3 Rb8 70. Kf2 Ke6 71. Re2+ Kd6 72.
Rd2+ Bd5 73. Nd4 Ke5 74. Ke3 Ba8 75. g4 Kf6 76. Kf4 Rb4 77. Rf2 Kg6 78. Ke5 Kg5
79. Ne6+ Kxg4 80. Rf4+ Rxf4 81. Nxf4 Kf3 1/2-1/2

[Event "18PCRE_F"]
[Site "?"]
[Date "2008.??.??"]
[Round "?"]
[White "Struzka, Vlastimil"]
[Black "Binas, Jindrich"]
[Result "1/2-1/2"]
[WhiteElo "2096"]
[BlackElo "2132"]
[PlyCount "76"]
[EventDate "2008.??.??"]
[EventType "corr"]

1. d4 Nf6 2. c4 e6 3. Nc3 Bb4 4. Nf3 b6 5. Bg5 Bb7 6. e3 h6 7. Bf4 Ne4 8. Qc2
Bxc3+ 9. bxc3 d6 10. Bd3 Ng5 11. Nh4 Nd7 12. Bg3 Nf6 13. f3 O-O 14. O-O Re8 15.
Rab1 Qe7 16. Rbe1 g6 17. a4 Rad8 18. a5 Rb8 19. a6 Bc6 20. Bf2 Rbd8 21. f4 Nge4
22. Nf3 Nxf2 23. Qxf2 Be4 24. Qc2 Bxd3 25. Qxd3 e5 26. fxe5 dxe5 27. Qc2 Nd7
28. e4 Qa3 29. Qd2 Kg7 30. Nh4 Re6 31. Re3 Qe7 32. Qe1 Rf6 33. Nf3 Qe6 34. Qe2
Re8 35. Rb1 Rf4 36. g3 Rf6 37. Rb5 c6 38. Rb1 Qd6 1/2-1/2

[Event "18PCRE_F"]
[Site "?"]
[Date "2008.??.??"]
[Round "?"]
[White "Struzka, Vlastimil"]
[Black "Juhasz, Jozef"]
[Result "0-1"]
[WhiteElo "2096"]
[BlackElo "2209"]
[PlyCount "144"]
[EventDate "2008.??.??"]
[EventType "corr"]

1. d4 Nf6 2. c4 e6 3. Nc3 d5 4. Bg5 c6 5. e3 Qa5 6. Bxf6 gxf6 7. Nf3 dxc4 8.
Bxc4 Nd7 9. O-O Rg8 10. Qe2 Qh5 11. Nd2 Qh6 12. f4 Nb6 13. a4 a5 14. Bb3 Be7
15. Rae1 Bd7 16. Nce4 O-O-O 17. Nc5 Kb8 18. Rc1 Bc8 19. Nf3 Nd5 20. g3 Qh3 21.
Ne4 Rg7 22. Rfe1 Rdg8 23. Qf1 Qh5 24. Qg2 Qg6 25. Ned2 Bb4 26. Re2 h5 27. Qf2
Qg4 28. Kh1 f5 29. Ne5 Qh3 30. Ndf3 h4 31. gxh4 f6 32. Ng1 Rxg1+ 33. Rxg1 Rxg1+
34. Kxg1 fxe5 35. Qg3 Qxg3+ 36. hxg3 exd4 37. exd4 Bf8 38. Bxd5 exd5 39. Kf2
Bd7 40. Ke3 b6 41. b3 c5 42. Kd3 Kc7 43. Rh2 Bg7 44. dxc5 bxc5 45. Re2 Kd6 46.
Rh2 d4 47. h5 Bh6 48. Re2 Be6 49. Kc2 Bf7 50. Re1 Bg7 51. Rh1 Bd5 52. Rh2 Be4+
53. Kd2 Bh6 54. Re2 Ke6 55. Rh2 Kf6 56. Re2 Kg7 57. Rh2 Kh7 58. Kd1 Bg7 59. h6
Bxh6 60. Rh4 Kg6 61. Kc1 Bd5 62. Kc2 Be4+ 63. Kc1 Bf3 64. Rh2 Bg7 65. Kc2 Be4+
66. Kd2 d3 67. Rh4 Bf6 68. Rh2 Bb2 69. Rh4 Ba3 70. Rh8 Bb4+ 71. Ke3 d2 72. Rg8+
Kf6 0-1

[Event "18PCRE_F"]
[Site "?"]
[Date "2008.??.??"]
[Round "?"]
[White "Struzka, Vlastimil"]
[Black "Kudr, Roman"]
[Result "1/2-1/2"]
[WhiteElo "2096"]
[BlackElo "2182"]
[PlyCount "97"]
[EventDate "2008.??.??"]
[EventType "corr"]

1. d4 Nf6 2. c4 g6 3. Nc3 d5 4. Nf3 Bg7 5. e3 O-O 6. Be2 c5 7. O-O cxd4 8. exd4
dxc4 9. Bxc4 Nc6 10. d5 Na5 11. Be2 a6 12. Bf4 b5 13. b4 Nc4 14. Bxc4 bxc4 15.
Be5 Qd7 16. Qd4 Rd8 17. Rad1 Bb7 18. Rfe1 Rac8 19. h3 h6 20. a4 Qf5 21. Qb6 Nd7
22. Qe3 Nxe5 23. Nxe5 Qxe5 24. Qxe5 Bxe5 25. Rxe5 Kf8 26. f3 e6 27. d6 Rc6 28.
Rc5 Rdxd6 29. Rxd6 Rxd6 30. Rxc4 Ke7 31. Kf2 f5 32. Ke3 e5 33. b5 axb5 34. axb5
Rd8 35. Rc7+ Rd7 36. Rc5 Kd6 37. Na4 f4+ 38. Ke2 Rc7 39. Rxc7 Kxc7 40. Kd3 Bd5
41. h4 g5 42. Nc3 Be6 43. hxg5 hxg5 44. b6+ Kxb6 45. Ke4 Bc4 46. Kxe5 Bf1 47.
Ne4 Bxg2 48. Nxg5 Bxf3 49. Nxf3 1/2-1/2

[Event "18PCRE_F"]
[Site "?"]
[Date "2008.??.??"]
[Round "?"]
[White "Struzka, Vlastimil"]
[Black "Prchly, Milos"]
[Result "1/2-1/2"]
[WhiteElo "2096"]
[BlackElo "2263"]
[PlyCount "126"]
[EventDate "2008.??.??"]
[EventType "corr"]

1. d4 Nf6 2. c4 e6 3. Nc3 Bb4 4. Nf3 Bxc3+ 5. bxc3 b6 6. Bg5 h6 7. Bh4 g5 8.
Bg3 Ne4 9. e3 Bb7 10. Bd3 d6 11. O-O Nd7 12. Bxe4 Bxe4 13. Qe2 f5 14. Nd2 Bb7
15. Qh5+ Kf8 16. Qd1 h5 17. h3 h4 18. Bh2 g4 19. hxg4 Qg5 20. f3 Qxe3+ 21. Rf2
Qxc3 22. c5 bxc5 23. dxc5 Nxc5 24. Nb3 Nxb3 25. axb3 Rh7 26. Rc1 Qe3 27. gxf5
exf5 28. Rc4 Re8 29. Bf4 Qe1+ 30. Qxe1 Rxe1+ 31. Kh2 Bd5 32. Ra4 Bxb3 33. Rxa7
Ree7 34. Rb2 Be6 35. Rc2 Ke8 36. Kh3 Rd7 37. Rb7 Kd8 38. Ra7 Bd5 39. Bg5+ Kc8
40. Bf4 Rhg7 41. Ra5 Be6 42. Ra8+ Kb7 43. Ra1 Bg8 44. Rb2+ Kc6 45. Rc2+ Kd5 46.
Ra5+ Ke6 47. Kxh4 Rh7+ 48. Kg3 Kf6 49. Bd2 Bb3 50. Bc3+ Kg6 51. Rb2 Be6 52. Re2
Kf7 53. Kf4 Rh6 54. Kg5 Rg6+ 55. Kf4 c5 56. Rb2 Ke7 57. g3 Rh6 58. Ra8 Bd5 59.
Ra1 Kf7 60. Rd2 Bb7 61. Ra5 Ke6 62. Ra1 Rc7 63. Re1+ Kf7 1/2-1/2

[Event "18PCRE_F"]
[Site "?"]
[Date "2008.??.??"]
[Round "?"]
[White "Struzka, Vlastimil"]
[Black "Ryska, Jiri"]
[Result "1-0"]
[WhiteElo "2096"]
[BlackElo "2073"]
[PlyCount "90"]
[EventDate "2008.??.??"]
[EventType "corr"]

1. d4 Nf6 2. c4 e6 3. Nc3 Bb4 4. Bd2 O-O 5. e3 c5 6. Nf3 cxd4 7. exd4 d5 8. a3
Be7 9. c5 b6 10. b4 bxc5 11. bxc5 Ne4 12. Bb5 Bd7 13. Bxd7 Nxd7 14. O-O Qc7 15.
Rb1 Qc6 16. Qc2 Nxd2 17. Qxd2 Rfe8 18. Qe2 Bf6 19. Qb5 Qc7 20. Qd3 Reb8 21. g3
Qc6 22. Rfc1 a6 23. Na2 a5 24. Nc3 h6 25. Kg2 Rxb1 26. Rxb1 g6 27. a4 Bg7 28.
Rb5 Ra6 29. Ne2 Ra8 30. Qb3 Ra7 31. Qe3 Qc7 32. Nf4 Kh7 33. h3 Qc6 34. Nd3 Nf6
35. Qe1 Qc7 36. Qe5 Qc8 37. Qd6 Ne4 38. Qb6 Qa8 39. Nfe5 f6 40. Ng4 h5 41. Ne3
Ra6 42. Qc7 Ra7 43. Rb8 Rxc7 44. Rxa8 f5 45. Nc2 Nc3 1-0

[Event "18PCRE_F"]
[Site "?"]
[Date "2008.??.??"]
[Round "?"]
[White "Struzka, Vlastimil"]
[Black "Trs, Jan"]
[Result "1-0"]
[WhiteElo "2096"]
[BlackElo "2158"]
[PlyCount "143"]
[EventDate "2008.??.??"]
[EventType "corr"]

1. d4 Nf6 2. c4 g6 3. Nf3 Bg7 4. Nc3 d5 5. Bd2 O-O 6. e3 c6 7. Bd3 Na6 8. O-O
Nb4 9. Be2 dxc4 10. Bxc4 Nbd5 11. Qb3 a5 12. Rac1 a4 13. Qa3 Nxc3 14. Bxc3 Nd5
15. h3 Nxc3 16. Qxc3 Qc7 17. Rfd1 Ra5 18. b4 axb3 19. axb3 Ra8 20. b4 Bf5 21.
b5 Qa5 22. bxc6 Qxc3 23. Rxc3 bxc6 24. Bd3 Bxd3 25. Rdxd3 Ra6 26. Ra3 Rfa8 27.
Rxa6 Rxa6 28. Rb3 f6 29. g3 Kf7 30. Rb7 h5 31. Kg2 g5 32. Rc7 Bf8 33. h4 Bh6
34. Ne1 gxh4 35. gxh4 f5 36. Nd3 Bg7 37. Nb4 Ra3 38. Nxc6 Bf6 39. Nd8+ Kg6 40.
Ne6 Bxh4 41. Nf4+ Kg7 42. Nxh5+ Kf7 43. Rc5 e6 44. Rc7+ Be7 45. Nf4 Ra5 46. Nd3
Kf6 47. Ne5 Ra1 48. Rb7 Ra8 49. Kf3 Ra2 50. Kg3 Rc2 51. f4 Ra2 52. Kf3 Ra1 53.
Rc7 Rf1+ 54. Kg2 Rb1 55. Rc6 Rb2+ 56. Kf3 Rb5 57. Ra6 Bb4 58. Ke2 Be7 59. Kd1
Rb1+ 60. Kc2 Rb5 61. Kc3 Bd8 62. Kc4 Ra5 63. Rxa5 Bxa5 64. Kc5 Bc3 65. Kd6 Bb4+
66. Kd7 Bd2 67. Nc4 Bb4 68. Nd6 Bd2 69. e4 Bxf4 70. e5+ Kg6 71. Kxe6 Bxe5 72.
dxe5 1-0

[Event "18PCRE_F"]
[Site "?"]
[Date "2008.??.??"]
[Round "?"]
[White "Trs, Jan"]
[Black "Juhasz, Jozef"]
[Result "0-1"]
[WhiteElo "2158"]
[BlackElo "2209"]
[PlyCount "140"]
[EventDate "2008.??.??"]
[EventType "corr"]

1. c4 e5 2. Nc3 Nf6 3. Nf3 Nc6 4. g3 d5 5. cxd5 Nxd5 6. Bg2 Nxc3 7. bxc3 Qf6 8.
Rb1 Bc5 9. d3 O-O 10. O-O Bb6 11. Nd2 Bg4 12. Ne4 Qg6 13. Ba3 Qh5 14. Re1 Rfe8
15. Nc5 Bxc5 16. Bxc5 e4 17. d4 b6 18. Ba3 Na5 19. Bc1 c6 20. Qc2 Bf5 21. e3
Nc4 22. Bf1 Be6 23. Rb4 Nd6 24. c4 c5 25. Ra4 Bd7 26. Ra3 Bg4 27. Bb2 f6 28.
Ra6 Nf7 29. h4 g5 30. dxc5 gxh4 31. Bxf6 hxg3 32. fxg3 Qxc5 33. Bd4 Qc7 34. c5
Ng5 35. Bc4+ Be6 36. Kg2 Qf7 37. Rf1 Qh5 38. cxb6 Qh3+ 39. Kg1 Qxg3+ 40. Kh1
Nf3 41. Rxf3 Qxf3+ 42. Kg1 Qg3+ 43. Kh1 Kf7 44. Bf1 Qh4+ 45. Qh2 Qxh2+ 46. Kxh2
axb6 47. Rxb6 Rxa2+ 48. Bb2 Rc8 49. Rb7+ Kg6 50. Kg3 Rc2 51. Rb6 Kf7 52. Rb7+
Kf8 53. Be5 Rf2 54. Bd6+ Kg8 55. Re7 Rf3+ 56. Kh4 Rxf1 57. Rxe6 Rg2 58. Re8+
Kg7 59. Kh3 Rg6 60. Re7+ Kf6 61. Rxh7 Rf3+ 62. Kh2 Rxe3 63. Bc5 Rd3 64. Ra7 Rg8
65. Bb4 Rb8 66. Be7+ Ke6 67. Bc5 Rb2+ 68. Kh1 Rc2 69. Ra5 e3 70. Ra1 Rxc5 0-1

[Event "18PCRE_F"]
[Site "?"]
[Date "2008.??.??"]
[Round "?"]
[White "Trs, Jan"]
[Black "Kudr, Roman"]
[Result "1/2-1/2"]
[WhiteElo "2158"]
[BlackElo "2182"]
[PlyCount "52"]
[EventDate "2008.??.??"]
[EventType "corr"]

1. e4 e5 2. Nf3 Nf6 3. d4 Nxe4 4. Bd3 d5 5. Nxe5 Nd7 6. Nxd7 Bxd7 7. O-O Bd6 8.
c4 c6 9. cxd5 cxd5 10. Qh5 O-O 11. Qxd5 Bc6 12. Qh5 g6 13. Qh3 Ng5 14. Bxg5
Qxg5 15. Nc3 Rfe8 16. d5 Bxd5 17. f4 Qd8 18. Nxd5 Bc5+ 19. Kh1 Qxd5 20. Rac1
Re3 21. Bc4 Qd4 22. Qh6 Bf8 23. Qg5 Kg7 24. f5 f6 25. Rcd1 fxg5 26. Rxd4 gxf5
1/2-1/2

[Event "18PCRE_F"]
[Site "?"]
[Date "2008.??.??"]
[Round "?"]
[White "Trs, Jan"]
[Black "Kyhos, Alois"]
[Result "1-0"]
[WhiteElo "2158"]
[BlackElo "2121"]
[PlyCount "107"]
[EventDate "2008.??.??"]
[EventType "corr"]

1. e4 e5 2. Nf3 Nc6 3. Bb5 a6 4. Ba4 Nf6 5. O-O Nxe4 6. d4 b5 7. Bb3 d5 8. dxe5
Be6 9. Nbd2 Nc5 10. c3 d4 11. Bxe6 Nxe6 12. cxd4 Ncxd4 13. a4 Be7 14. Nxd4 Nxd4
15. Ne4 O-O 16. axb5 Nxb5 17. Bf4 Qc8 18. Qa4 Qe6 19. Rfe1 c5 20. Rac1 Rfc8 21.
Nd6 Rd8 22. h3 Nd4 23. Qd1 Nb3 24. Rc3 Rab8 25. Ree3 Nd4 26. Rxc5 Rb4 27. Re1
Nb5 28. Bg3 Rxb2 29. Qc1 Ra2 30. Rd1 g6 31. Rc6 Na7 32. Rc3 h5 33. Rcd3 Nb5 34.
Qh6 Bf8 35. Qe3 Bxd6 36. exd6 Qxe3 37. Rxe3 f6 38. f3 Rc2 39. d7 Kf7 40. Be1
Rc7 41. Red3 Ke6 42. Ba5 Rdxd7 43. Bxc7 Rxd3 44. Rxd3 Nxc7 45. h4 Ke5 46. Rd8
Nd5 47. Ra8 g5 48. hxg5 fxg5 49. Rxa6 Nb4 50. Ra5+ Kf6 51. Kf2 Nc2 52. Ra6+ Ke5
53. g3 Nb4 54. Rh6 1-0

[Event "18PCRE_F"]
[Site "?"]
[Date "2008.??.??"]
[Round "?"]
[White "Trs, Jan"]
[Black "Prchly, Milos"]
[Result "0-1"]
[WhiteElo "2158"]
[BlackElo "2263"]
[PlyCount "100"]
[EventDate "2008.??.??"]
[EventType "corr"]

1. c4 Nf6 2. Nc3 d5 3. cxd5 Nxd5 4. g3 c5 5. Bg2 Nc7 6. d3 e5 7. f4 exf4 8.
Bxf4 Ne6 9. Nh3 Be7 10. O-O O-O 11. Nd5 Nxf4 12. Nhxf4 Bd6 13. e3 Nc6 14. Qb3
Re8 15. Be4 Kh8 16. Rac1 Rb8 17. a3 b5 18. a4 f5 19. Bg2 Ba6 20. Rf2 Ne5 21.
axb5 Bxb5 22. Qc3 a5 23. Bh3 Bd7 24. Qd2 a4 25. Rc3 Ng4 26. Bxg4 fxg4 27. Rc4
Bb5 28. Re4 Bc6 29. Qc1 Rxe4 30. dxe4 Qe8 31. Qc2 Be5 32. Qxc5 Bxb2 33. Nb4 a3
34. Qxc6 Qxc6 35. Nxc6 a2 36. Rf1 Bc1 37. Nxb8 a1=Q 38. Ng2 Qa3 39. Nd7 Bxe3+
40. Kh1 h5 41. Nf8 g5 42. Ng6+ Kg7 43. Nf8 Qd3 44. Ne6+ Kh6 45. Nxe3 Qxe3 46.
Rf6+ Kh7 47. Kg2 Qxe4+ 48. Kf1 Qb1+ 49. Kg2 Qb2+ 50. Rf2 Qb7+ 0-1

[Event "18PCRE_F"]
[Site "?"]
[Date "2008.??.??"]
[Round "?"]
[White "Trs, Jan"]
[Black "Ryska, Jiri"]
[Result "1/2-1/2"]
[WhiteElo "2158"]
[BlackElo "2073"]
[PlyCount "81"]
[EventDate "2008.??.??"]
[EventType "corr"]

1. d4 Nf6 2. c4 e6 3. Nf3 c6 4. Nc3 d5 5. Bg5 dxc4 6. e4 b5 7. e5 h6 8. Bh4 g5
9. Nxg5 hxg5 10. Bxg5 Be7 11. exf6 Bxf6 12. Bxf6 Qxf6 13. g3 Na6 14. a4 Bb7 15.
Bg2 Qe7 16. O-O b4 17. Ne2 c5 18. Bxb7 Qxb7 19. dxc5 Qd5 20. Qc2 Nxc5 21. Rfd1
Qh5 22. h4 Nb3 23. Rab1 Qg4 24. Nf4 Rc8 25. Rd6 O-O 26. Rbd1 Qf5 27. Qxf5 exf5
28. Rb1 Rfd8 29. Rd5 Kg7 30. Rb5 c3 31. bxc3 bxc3 32. R5xb3 c2 33. Rf1 c1=Q 34.
Rxc1 Rxc1+ 35. Kg2 Rdc8 36. Nh5+ Kh6 37. Nf4 R1c4 38. a5 Rc3 39. Rb1 R8c6 40.
a6 Rxa6 41. Rb5 1/2-1/2

[Event "18PCRE_F"]
[Site "?"]
[Date "2008.??.??"]
[Round "?"]
[White "Trs, Jan"]
[Black "Splichal, Josef"]
[Result "0-1"]
[WhiteElo "2158"]
[BlackElo "2140"]
[PlyCount "120"]
[EventDate "2008.??.??"]
[EventType "corr"]

1. d4 Nf6 2. c4 e6 3. Nc3 Bb4 4. Qc2 O-O 5. a3 Bxc3+ 6. Qxc3 d6 7. Bg5 h6 8.
Bh4 Nbd7 9. Nf3 b6 10. e3 Bb7 11. Be2 Qe7 12. O-O g5 13. Bg3 Ne4 14. Qc2 f5 15.
h3 Nxg3 16. fxg3 c5 17. g4 Rac8 18. Rae1 Be4 19. Bd3 Nf6 20. gxf5 exf5 21. Nd2
d5 22. Bxe4 fxe4 23. dxc5 Rxc5 24. Rf2 g4 25. Ref1 gxh3 26. gxh3 Kh7 27. Qc3
Rg8+ 28. Rg2 Rxg2+ 29. Kxg2 Nh5 30. Rf2 Qg5+ 31. Kf1 Ng3+ 32. Ke1 Nf5 33. b3
Nxe3 34. Qf6 Qxf6 35. Rxf6 dxc4 36. Nxc4 Nxc4 37. bxc4 Rxc4 38. Rf7+ Kg6 39.
Rxa7 Rc3 40. h4 h5 41. Kd2 Rd3+ 42. Kc2 Rd5 43. Rb7 b5 44. Re7 Kf5 45. Re8 Rd6
46. Rf8+ Kg4 47. Re8 Kf3 48. Rf8+ Ke2 49. Rf5 Rc6+ 50. Kb3 e3 51. Rxh5 Rf6 52.
Rxb5 Rf4 53. a4 Kf2 54. Re5 e2 55. Rxe2+ Kxe2 56. h5 Kd3 57. a5 Kd4 58. h6 Kc5
59. a6 Kb6 60. h7 Rh4 0-1